000 00288nam a22001337a 4500
008 170127b xxu||||| |||| 00| 0 eng d
020 _a9781557984685
041 _aeng
080 _a61
100 _a3
101 _aSHM
245 _aADDICTIVE BEHAVIOURS
_cMARLATT, G.A
942 _2udc
_cBK
999 _c3921
_d3921